000
00201 a2200097 4500
001
42388
100
_a
245
_a
Speches and Toasts
260
_a
_b
W Foulsham & Company
_c
090
_c
26321
_d
26321
942
_a
NUST-CAE
_c
M
_c
18138
999
_c
277461
_d
277461